<?xml version="1.0" encoding="UTF-8"?>
<record
    xmlns:xsi="http://www.w3.org/2001/XMLSchema-instance"
    xsi:schemaLocation="http://www.loc.gov/MARC21/slim http://www.loc.gov/standards/marcxml/schema/MARC21slim.xsd"
    xmlns="http://www.loc.gov/MARC21/slim">

  <leader>01004nas a2200253 i 4500</leader>
  <controlfield tag="003">DO-SdBNP</controlfield>
  <controlfield tag="005">20260220081444.0</controlfield>
  <controlfield tag="007">ta</controlfield>
  <controlfield tag="008">260219e1971    dr fn|p|r||||||0| | spa d</controlfield>
  <datafield tag="040" ind1=" " ind2=" ">
    <subfield code="a">DO-SdBNP</subfield>
    <subfield code="b">spa</subfield>
    <subfield code="c">BNPHU</subfield>
    <subfield code="e">rda</subfield>
  </datafield>
  <datafield tag="041" ind1=" " ind2=" ">
    <subfield code="a">spa</subfield>
  </datafield>
  <datafield tag="110" ind1=" " ind2=" ">
    <subfield code="a">Secretar&#xED;a de Estado de Agricultura (Rep&#xFA;blica Dominicana)</subfield>
    <subfield code="9">35364</subfield>
  </datafield>
  <datafield tag="245" ind1=" " ind2=" ">
    <subfield code="a">Agricultura : </subfield>
    <subfield code="b">&#xF3;rgano oficial de la Secretar&#xED;a de Estado de Agricultura / </subfield>
    <subfield code="c">Secretar&#xED;a de Estado de Agricultura.</subfield>
  </datafield>
  <datafield tag="264" ind1=" " ind2=" ">
    <subfield code="a">Santo Domingo, Rep&#xFA;blica Dominicana : </subfield>
    <subfield code="b">Secretar&#xED;a de Estado de Agricultura, </subfield>
    <subfield code="c">1971.</subfield>
  </datafield>
  <datafield tag="300" ind1=" " ind2=" ">
    <subfield code="a">volumen : </subfield>
    <subfield code="b">ilustraciones, fotograf&#xED;as ; </subfield>
    <subfield code="c">28 cm.</subfield>
  </datafield>
  <datafield tag="310" ind1=" " ind2=" ">
    <subfield code="a">Bimestral. </subfield>
  </datafield>
  <datafield tag="336" ind1=" " ind2=" ">
    <subfield code="a">texto</subfield>
    <subfield code="b">txt</subfield>
    <subfield code="2">rdacontent</subfield>
  </datafield>
  <datafield tag="337" ind1=" " ind2=" ">
    <subfield code="a">sin mediaci&#xF3;n </subfield>
    <subfield code="b">n</subfield>
    <subfield code="2">rdamedia</subfield>
  </datafield>
  <datafield tag="338" ind1=" " ind2=" ">
    <subfield code="a">volumen</subfield>
    <subfield code="b">nc</subfield>
    <subfield code="2">rdacarrier</subfield>
  </datafield>
  <datafield tag="362" ind1=" " ind2=" ">
    <subfield code="a">No. 444, febrero-marzo 1971.</subfield>
  </datafield>
  <datafield tag="500" ind1=" " ind2=" ">
    <subfield code="a">Catalogaci&#xF3;n basada en el: No. 444, febrero-marzo 1971.</subfield>
  </datafield>
  <datafield tag="650" ind1=" " ind2="0">
    <subfield code="a">Agricultura</subfield>
    <subfield code="9">2309</subfield>
    <subfield code="v">Publicaciones peri&#xF3;dicas </subfield>
    <subfield code="z">Rep&#xFA;blica Dominicana</subfield>
  </datafield>
  <datafield tag="942" ind1=" " ind2=" ">
    <subfield code="2">ddc</subfield>
    <subfield code="c">ISSUE</subfield>
  </datafield>
  <datafield tag="952" ind1=" " ind2=" ">
    <subfield code="0">0</subfield>
    <subfield code="1">0</subfield>
    <subfield code="2">ddc</subfield>
    <subfield code="4">0</subfield>
    <subfield code="5">5</subfield>
    <subfield code="7">0</subfield>
    <subfield code="8">SE</subfield>
    <subfield code="a">BNPHU</subfield>
    <subfield code="b">BNPHU</subfield>
    <subfield code="d">2026-02-19</subfield>
    <subfield code="h">No. 444, febrero-marzo 1971</subfield>
    <subfield code="l">0</subfield>
    <subfield code="p">2026-1449</subfield>
    <subfield code="r">2026-02-19</subfield>
    <subfield code="t">e.1</subfield>
    <subfield code="w">2026-02-19</subfield>
    <subfield code="y">ISSUE</subfield>
  </datafield>
  <datafield tag="952" ind1=" " ind2=" ">
    <subfield code="0">0</subfield>
    <subfield code="1">0</subfield>
    <subfield code="2">ddc</subfield>
    <subfield code="4">0</subfield>
    <subfield code="5">5</subfield>
    <subfield code="7">0</subfield>
    <subfield code="8">SE</subfield>
    <subfield code="a">BNPHU</subfield>
    <subfield code="b">BNPHU</subfield>
    <subfield code="d">2026-02-19</subfield>
    <subfield code="h">No. 445, abril-mayo 1971</subfield>
    <subfield code="l">0</subfield>
    <subfield code="p">2026-1450</subfield>
    <subfield code="r">2026-02-19</subfield>
    <subfield code="t">e.1</subfield>
    <subfield code="w">2026-02-19</subfield>
    <subfield code="y">ISSUE</subfield>
  </datafield>
  <datafield tag="952" ind1=" " ind2=" ">
    <subfield code="0">0</subfield>
    <subfield code="1">0</subfield>
    <subfield code="2">ddc</subfield>
    <subfield code="4">0</subfield>
    <subfield code="5">5</subfield>
    <subfield code="7">0</subfield>
    <subfield code="8">SE</subfield>
    <subfield code="a">BNPHU</subfield>
    <subfield code="b">BNPHU</subfield>
    <subfield code="d">2026-02-19</subfield>
    <subfield code="h">No. 446, junio-julio 1971</subfield>
    <subfield code="l">0</subfield>
    <subfield code="p">2026-1451</subfield>
    <subfield code="r">2026-02-19</subfield>
    <subfield code="t">e.1</subfield>
    <subfield code="w">2026-02-19</subfield>
    <subfield code="y">ISSUE</subfield>
  </datafield>
  <datafield tag="952" ind1=" " ind2=" ">
    <subfield code="0">0</subfield>
    <subfield code="1">0</subfield>
    <subfield code="2">ddc</subfield>
    <subfield code="4">0</subfield>
    <subfield code="5">5</subfield>
    <subfield code="7">0</subfield>
    <subfield code="8">SE</subfield>
    <subfield code="a">BNPHU</subfield>
    <subfield code="b">BNPHU</subfield>
    <subfield code="d">2026-02-19</subfield>
    <subfield code="h">No. 447, agosto-septiembre 1971</subfield>
    <subfield code="l">0</subfield>
    <subfield code="p">2026-1452</subfield>
    <subfield code="r">2026-02-19</subfield>
    <subfield code="t">e.1</subfield>
    <subfield code="w">2026-02-19</subfield>
    <subfield code="y">ISSUE</subfield>
  </datafield>
  <datafield tag="952" ind1=" " ind2=" ">
    <subfield code="0">0</subfield>
    <subfield code="1">0</subfield>
    <subfield code="2">ddc</subfield>
    <subfield code="4">0</subfield>
    <subfield code="5">5</subfield>
    <subfield code="7">0</subfield>
    <subfield code="8">SE</subfield>
    <subfield code="a">BNPHU</subfield>
    <subfield code="b">BNPHU</subfield>
    <subfield code="d">2026-02-19</subfield>
    <subfield code="h">No. 448, octubre-noviembre-diciembre 1971</subfield>
    <subfield code="l">0</subfield>
    <subfield code="p">2026-1453</subfield>
    <subfield code="r">2026-02-19</subfield>
    <subfield code="t">e.1</subfield>
    <subfield code="w">2026-02-19</subfield>
    <subfield code="y">ISSUE</subfield>
  </datafield>
  <datafield tag="952" ind1=" " ind2=" ">
    <subfield code="0">0</subfield>
    <subfield code="1">0</subfield>
    <subfield code="2">ddc</subfield>
    <subfield code="4">0</subfield>
    <subfield code="5">5</subfield>
    <subfield code="7">0</subfield>
    <subfield code="8">SE</subfield>
    <subfield code="a">BNPHU</subfield>
    <subfield code="b">BNPHU</subfield>
    <subfield code="d">2026-02-19</subfield>
    <subfield code="h">No. 449, enero-febrero 1972</subfield>
    <subfield code="l">0</subfield>
    <subfield code="p">2026-1454</subfield>
    <subfield code="r">2026-02-19</subfield>
    <subfield code="t">e.1</subfield>
    <subfield code="w">2026-02-19</subfield>
    <subfield code="y">ISSUE</subfield>
  </datafield>
  <datafield tag="952" ind1=" " ind2=" ">
    <subfield code="0">0</subfield>
    <subfield code="1">0</subfield>
    <subfield code="2">ddc</subfield>
    <subfield code="4">0</subfield>
    <subfield code="5">5</subfield>
    <subfield code="7">0</subfield>
    <subfield code="8">SE</subfield>
    <subfield code="a">BNPHU</subfield>
    <subfield code="b">BNPHU</subfield>
    <subfield code="d">2026-02-19</subfield>
    <subfield code="h">No. 450, marzo-abril-mayo 1972</subfield>
    <subfield code="l">0</subfield>
    <subfield code="p">2026-1455</subfield>
    <subfield code="r">2026-02-19</subfield>
    <subfield code="t">e.1</subfield>
    <subfield code="w">2026-02-19</subfield>
    <subfield code="y">ISSUE</subfield>
  </datafield>
  <datafield tag="952" ind1=" " ind2=" ">
    <subfield code="0">0</subfield>
    <subfield code="1">0</subfield>
    <subfield code="2">ddc</subfield>
    <subfield code="4">0</subfield>
    <subfield code="5">5</subfield>
    <subfield code="7">0</subfield>
    <subfield code="8">SE</subfield>
    <subfield code="a">BNPHU</subfield>
    <subfield code="b">BNPHU</subfield>
    <subfield code="d">2026-02-19</subfield>
    <subfield code="h">No. 451, junio-julio 1972</subfield>
    <subfield code="l">0</subfield>
    <subfield code="p">2026-1456</subfield>
    <subfield code="r">2026-02-19</subfield>
    <subfield code="t">e.1</subfield>
    <subfield code="w">2026-02-19</subfield>
    <subfield code="y">ISSUE</subfield>
  </datafield>
  <datafield tag="952" ind1=" " ind2=" ">
    <subfield code="0">0</subfield>
    <subfield code="1">0</subfield>
    <subfield code="2">ddc</subfield>
    <subfield code="4">0</subfield>
    <subfield code="5">5</subfield>
    <subfield code="7">0</subfield>
    <subfield code="8">SE</subfield>
    <subfield code="a">BNPHU</subfield>
    <subfield code="b">BNPHU</subfield>
    <subfield code="d">2026-02-19</subfield>
    <subfield code="h">No. 451, junio-julio 1972</subfield>
    <subfield code="l">0</subfield>
    <subfield code="p">2026-1457</subfield>
    <subfield code="r">2026-02-19</subfield>
    <subfield code="t">e.2</subfield>
    <subfield code="w">2026-02-19</subfield>
    <subfield code="y">ISSUE</subfield>
  </datafield>
  <datafield tag="952" ind1=" " ind2=" ">
    <subfield code="0">0</subfield>
    <subfield code="1">0</subfield>
    <subfield code="2">ddc</subfield>
    <subfield code="4">0</subfield>
    <subfield code="5">5</subfield>
    <subfield code="7">0</subfield>
    <subfield code="8">SE</subfield>
    <subfield code="a">BNPHU</subfield>
    <subfield code="b">BNPHU</subfield>
    <subfield code="d">2026-02-19</subfield>
    <subfield code="h">No. 452, agosto-septiembre 1972</subfield>
    <subfield code="l">0</subfield>
    <subfield code="p">2026-1458</subfield>
    <subfield code="r">2026-02-19</subfield>
    <subfield code="t">e.1</subfield>
    <subfield code="w">2026-02-19</subfield>
    <subfield code="y">ISSUE</subfield>
  </datafield>
  <datafield tag="952" ind1=" " ind2=" ">
    <subfield code="0">0</subfield>
    <subfield code="1">0</subfield>
    <subfield code="2">ddc</subfield>
    <subfield code="4">0</subfield>
    <subfield code="5">5</subfield>
    <subfield code="7">0</subfield>
    <subfield code="8">SE</subfield>
    <subfield code="a">BNPHU</subfield>
    <subfield code="b">BNPHU</subfield>
    <subfield code="d">2026-02-19</subfield>
    <subfield code="h">No. 453, octubre-noviembre 1972</subfield>
    <subfield code="l">0</subfield>
    <subfield code="p">2026-1459</subfield>
    <subfield code="r">2026-02-19</subfield>
    <subfield code="t">e.1</subfield>
    <subfield code="w">2026-02-19</subfield>
    <subfield code="y">ISSUE</subfield>
  </datafield>
  <datafield tag="952" ind1=" " ind2=" ">
    <subfield code="0">0</subfield>
    <subfield code="1">0</subfield>
    <subfield code="2">ddc</subfield>
    <subfield code="4">0</subfield>
    <subfield code="5">5</subfield>
    <subfield code="7">0</subfield>
    <subfield code="8">SE</subfield>
    <subfield code="a">BNPHU</subfield>
    <subfield code="b">BNPHU</subfield>
    <subfield code="d">2026-02-19</subfield>
    <subfield code="h">No. 454, enero-febrero 1973</subfield>
    <subfield code="l">0</subfield>
    <subfield code="p">2026-1460</subfield>
    <subfield code="r">2026-02-19</subfield>
    <subfield code="t">e.1</subfield>
    <subfield code="w">2026-02-19</subfield>
    <subfield code="y">ISSUE</subfield>
  </datafield>
  <datafield tag="952" ind1=" " ind2=" ">
    <subfield code="0">0</subfield>
    <subfield code="1">0</subfield>
    <subfield code="2">ddc</subfield>
    <subfield code="4">0</subfield>
    <subfield code="5">5</subfield>
    <subfield code="7">0</subfield>
    <subfield code="8">SE</subfield>
    <subfield code="a">BNPHU</subfield>
    <subfield code="b">BNPHU</subfield>
    <subfield code="d">2026-02-19</subfield>
    <subfield code="h">No. 455, marzo-abril 1973</subfield>
    <subfield code="l">0</subfield>
    <subfield code="p">2026-1461</subfield>
    <subfield code="r">2026-02-19</subfield>
    <subfield code="t">e.1</subfield>
    <subfield code="w">2026-02-19</subfield>
    <subfield code="y">ISSUE</subfield>
  </datafield>
  <datafield tag="952" ind1=" " ind2=" ">
    <subfield code="0">0</subfield>
    <subfield code="1">0</subfield>
    <subfield code="2">ddc</subfield>
    <subfield code="4">0</subfield>
    <subfield code="5">5</subfield>
    <subfield code="7">0</subfield>
    <subfield code="8">SE</subfield>
    <subfield code="a">BNPHU</subfield>
    <subfield code="b">BNPHU</subfield>
    <subfield code="d">2026-02-19</subfield>
    <subfield code="h">No. 456, mayo-junio 1973</subfield>
    <subfield code="l">0</subfield>
    <subfield code="p">2026-1462</subfield>
    <subfield code="r">2026-02-19</subfield>
    <subfield code="t">e.1</subfield>
    <subfield code="w">2026-02-19</subfield>
    <subfield code="y">ISSUE</subfield>
  </datafield>
  <datafield tag="952" ind1=" " ind2=" ">
    <subfield code="0">0</subfield>
    <subfield code="1">0</subfield>
    <subfield code="2">ddc</subfield>
    <subfield code="4">0</subfield>
    <subfield code="5">5</subfield>
    <subfield code="7">0</subfield>
    <subfield code="8">SE</subfield>
    <subfield code="a">BNPHU</subfield>
    <subfield code="b">BNPHU</subfield>
    <subfield code="d">2026-02-19</subfield>
    <subfield code="h">No. 457, julio-agosto 1973</subfield>
    <subfield code="l">0</subfield>
    <subfield code="p">2026-1463</subfield>
    <subfield code="r">2026-02-19</subfield>
    <subfield code="t">e.1</subfield>
    <subfield code="w">2026-02-19</subfield>
    <subfield code="y">ISSUE</subfield>
  </datafield>
  <datafield tag="952" ind1=" " ind2=" ">
    <subfield code="0">0</subfield>
    <subfield code="1">0</subfield>
    <subfield code="2">ddc</subfield>
    <subfield code="4">0</subfield>
    <subfield code="5">5</subfield>
    <subfield code="7">0</subfield>
    <subfield code="8">SE</subfield>
    <subfield code="a">BNPHU</subfield>
    <subfield code="b">BNPHU</subfield>
    <subfield code="d">2026-02-19</subfield>
    <subfield code="h">No. 457, julio-agosto 1973</subfield>
    <subfield code="l">0</subfield>
    <subfield code="p">2026-1464</subfield>
    <subfield code="r">2026-02-19</subfield>
    <subfield code="t">e.2</subfield>
    <subfield code="w">2026-02-19</subfield>
    <subfield code="y">ISSUE</subfield>
  </datafield>
  <datafield tag="952" ind1=" " ind2=" ">
    <subfield code="0">0</subfield>
    <subfield code="1">0</subfield>
    <subfield code="2">ddc</subfield>
    <subfield code="4">0</subfield>
    <subfield code="5">5</subfield>
    <subfield code="7">0</subfield>
    <subfield code="8">SE</subfield>
    <subfield code="a">BNPHU</subfield>
    <subfield code="b">BNPHU</subfield>
    <subfield code="d">2026-02-20</subfield>
    <subfield code="h">No. 445, abril-mayo 1971</subfield>
    <subfield code="l">0</subfield>
    <subfield code="p">2026-1466</subfield>
    <subfield code="r">2026-02-20</subfield>
    <subfield code="t">e.2</subfield>
    <subfield code="w">2026-02-20</subfield>
    <subfield code="y">ISSUE</subfield>
  </datafield>
  <datafield tag="952" ind1=" " ind2=" ">
    <subfield code="0">0</subfield>
    <subfield code="1">0</subfield>
    <subfield code="2">ddc</subfield>
    <subfield code="4">0</subfield>
    <subfield code="5">5</subfield>
    <subfield code="7">0</subfield>
    <subfield code="8">SE</subfield>
    <subfield code="a">BNPHU</subfield>
    <subfield code="b">BNPHU</subfield>
    <subfield code="d">2026-02-20</subfield>
    <subfield code="h">No. 446, junio-julio 1971</subfield>
    <subfield code="l">0</subfield>
    <subfield code="p">2026-1467</subfield>
    <subfield code="r">2026-02-20</subfield>
    <subfield code="t">e.2</subfield>
    <subfield code="w">2026-02-20</subfield>
    <subfield code="y">ISSUE</subfield>
  </datafield>
  <datafield tag="952" ind1=" " ind2=" ">
    <subfield code="0">0</subfield>
    <subfield code="1">0</subfield>
    <subfield code="2">ddc</subfield>
    <subfield code="4">0</subfield>
    <subfield code="5">5</subfield>
    <subfield code="7">0</subfield>
    <subfield code="8">SE</subfield>
    <subfield code="a">BNPHU</subfield>
    <subfield code="b">BNPHU</subfield>
    <subfield code="d">2026-02-20</subfield>
    <subfield code="h">No. 447, agosto-septiembre 1971</subfield>
    <subfield code="l">0</subfield>
    <subfield code="p">2026-1468</subfield>
    <subfield code="r">2026-02-20</subfield>
    <subfield code="t">e.2</subfield>
    <subfield code="w">2026-02-20</subfield>
    <subfield code="y">ISSUE</subfield>
  </datafield>
  <datafield tag="952" ind1=" " ind2=" ">
    <subfield code="0">0</subfield>
    <subfield code="1">0</subfield>
    <subfield code="2">ddc</subfield>
    <subfield code="4">0</subfield>
    <subfield code="5">5</subfield>
    <subfield code="7">0</subfield>
    <subfield code="8">SE</subfield>
    <subfield code="a">BNPHU</subfield>
    <subfield code="b">BNPHU</subfield>
    <subfield code="d">2026-02-20</subfield>
    <subfield code="h">No. 448, octubre-noviembre-diciembre 1971</subfield>
    <subfield code="l">0</subfield>
    <subfield code="p">2026-1469</subfield>
    <subfield code="r">2026-02-20</subfield>
    <subfield code="t">e.2</subfield>
    <subfield code="w">2026-02-20</subfield>
    <subfield code="y">ISSUE</subfield>
  </datafield>
  <datafield tag="952" ind1=" " ind2=" ">
    <subfield code="0">0</subfield>
    <subfield code="1">0</subfield>
    <subfield code="2">ddc</subfield>
    <subfield code="4">0</subfield>
    <subfield code="5">5</subfield>
    <subfield code="7">0</subfield>
    <subfield code="8">SE</subfield>
    <subfield code="a">BNPHU</subfield>
    <subfield code="b">BNPHU</subfield>
    <subfield code="d">2026-02-20</subfield>
    <subfield code="h">No. 449, enero-febrero 1972</subfield>
    <subfield code="l">0</subfield>
    <subfield code="p">2026-1470</subfield>
    <subfield code="r">2026-02-20</subfield>
    <subfield code="t">e.2</subfield>
    <subfield code="w">2026-02-20</subfield>
    <subfield code="y">ISSUE</subfield>
  </datafield>
  <datafield tag="952" ind1=" " ind2=" ">
    <subfield code="0">0</subfield>
    <subfield code="1">0</subfield>
    <subfield code="2">ddc</subfield>
    <subfield code="4">0</subfield>
    <subfield code="5">5</subfield>
    <subfield code="7">0</subfield>
    <subfield code="8">SE</subfield>
    <subfield code="a">BNPHU</subfield>
    <subfield code="b">BNPHU</subfield>
    <subfield code="d">2026-02-20</subfield>
    <subfield code="h">No. 450, marzo-abril-mayo 1972</subfield>
    <subfield code="l">0</subfield>
    <subfield code="p">2026-1471</subfield>
    <subfield code="r">2026-02-20</subfield>
    <subfield code="t">e.2</subfield>
    <subfield code="w">2026-02-20</subfield>
    <subfield code="y">ISSUE</subfield>
  </datafield>
  <datafield tag="952" ind1=" " ind2=" ">
    <subfield code="0">0</subfield>
    <subfield code="1">0</subfield>
    <subfield code="2">ddc</subfield>
    <subfield code="4">0</subfield>
    <subfield code="5">5</subfield>
    <subfield code="7">0</subfield>
    <subfield code="8">SE</subfield>
    <subfield code="a">BNPHU</subfield>
    <subfield code="b">BNPHU</subfield>
    <subfield code="d">2026-02-20</subfield>
    <subfield code="h">No. 451, junio-julio 1972</subfield>
    <subfield code="l">0</subfield>
    <subfield code="p">2026-1472</subfield>
    <subfield code="r">2026-02-20</subfield>
    <subfield code="t">e.3</subfield>
    <subfield code="w">2026-02-20</subfield>
    <subfield code="y">ISSUE</subfield>
  </datafield>
  <datafield tag="952" ind1=" " ind2=" ">
    <subfield code="0">0</subfield>
    <subfield code="1">0</subfield>
    <subfield code="2">ddc</subfield>
    <subfield code="4">0</subfield>
    <subfield code="5">5</subfield>
    <subfield code="7">0</subfield>
    <subfield code="8">SE</subfield>
    <subfield code="a">BNPHU</subfield>
    <subfield code="b">BNPHU</subfield>
    <subfield code="d">2026-02-20</subfield>
    <subfield code="h">No. 452, agosto-septiembre 1972</subfield>
    <subfield code="l">0</subfield>
    <subfield code="p">2026-1473</subfield>
    <subfield code="r">2026-02-20</subfield>
    <subfield code="t">e.2</subfield>
    <subfield code="w">2026-02-20</subfield>
    <subfield code="y">ISSUE</subfield>
  </datafield>
  <datafield tag="952" ind1=" " ind2=" ">
    <subfield code="0">0</subfield>
    <subfield code="1">0</subfield>
    <subfield code="2">ddc</subfield>
    <subfield code="4">0</subfield>
    <subfield code="5">5</subfield>
    <subfield code="7">0</subfield>
    <subfield code="8">SE</subfield>
    <subfield code="a">BNPHU</subfield>
    <subfield code="b">BNPHU</subfield>
    <subfield code="d">2026-02-20</subfield>
    <subfield code="h">No. 453, octubre-noviembre 1972</subfield>
    <subfield code="l">0</subfield>
    <subfield code="p">2026-1474</subfield>
    <subfield code="r">2026-02-20</subfield>
    <subfield code="t">e.2</subfield>
    <subfield code="w">2026-02-20</subfield>
    <subfield code="y">ISSUE</subfield>
  </datafield>
  <datafield tag="952" ind1=" " ind2=" ">
    <subfield code="0">0</subfield>
    <subfield code="1">0</subfield>
    <subfield code="2">ddc</subfield>
    <subfield code="4">0</subfield>
    <subfield code="5">5</subfield>
    <subfield code="7">0</subfield>
    <subfield code="8">SE</subfield>
    <subfield code="a">BNPHU</subfield>
    <subfield code="b">BNPHU</subfield>
    <subfield code="d">2026-02-20</subfield>
    <subfield code="h">No. 454, enero-febrero 1973	</subfield>
    <subfield code="l">0</subfield>
    <subfield code="p">2026-1475</subfield>
    <subfield code="r">2026-02-20</subfield>
    <subfield code="t">e.2</subfield>
    <subfield code="w">2026-02-20</subfield>
    <subfield code="y">ISSUE</subfield>
  </datafield>
  <datafield tag="952" ind1=" " ind2=" ">
    <subfield code="0">0</subfield>
    <subfield code="1">0</subfield>
    <subfield code="2">ddc</subfield>
    <subfield code="4">0</subfield>
    <subfield code="5">5</subfield>
    <subfield code="7">0</subfield>
    <subfield code="8">SE</subfield>
    <subfield code="a">BNPHU</subfield>
    <subfield code="b">BNPHU</subfield>
    <subfield code="d">2026-02-20</subfield>
    <subfield code="h">No. 456, mayo-junio 1973</subfield>
    <subfield code="l">0</subfield>
    <subfield code="p">2026-1476</subfield>
    <subfield code="r">2026-02-20</subfield>
    <subfield code="t">e.2</subfield>
    <subfield code="w">2026-02-20</subfield>
    <subfield code="y">ISSUE</subfield>
  </datafield>
  <datafield tag="952" ind1=" " ind2=" ">
    <subfield code="0">0</subfield>
    <subfield code="1">0</subfield>
    <subfield code="2">ddc</subfield>
    <subfield code="4">0</subfield>
    <subfield code="5">5</subfield>
    <subfield code="7">0</subfield>
    <subfield code="8">SE</subfield>
    <subfield code="a">BNPHU</subfield>
    <subfield code="b">BNPHU</subfield>
    <subfield code="d">2026-02-20</subfield>
    <subfield code="h">No. 455, marzo-abril 1973</subfield>
    <subfield code="l">0</subfield>
    <subfield code="p">2026-1477</subfield>
    <subfield code="r">2026-02-20</subfield>
    <subfield code="t">e.2</subfield>
    <subfield code="w">2026-02-20</subfield>
    <subfield code="y">ISSUE</subfield>
  </datafield>
  <datafield tag="952" ind1=" " ind2=" ">
    <subfield code="0">0</subfield>
    <subfield code="1">0</subfield>
    <subfield code="2">ddc</subfield>
    <subfield code="4">0</subfield>
    <subfield code="5">5</subfield>
    <subfield code="7">0</subfield>
    <subfield code="8">SE</subfield>
    <subfield code="a">BNPHU</subfield>
    <subfield code="b">BNPHU</subfield>
    <subfield code="d">2026-02-20</subfield>
    <subfield code="h">No. 457, julio-agosto 1973</subfield>
    <subfield code="l">0</subfield>
    <subfield code="p">2026-1478</subfield>
    <subfield code="r">2026-02-20</subfield>
    <subfield code="t">e.2</subfield>
    <subfield code="w">2026-02-20</subfield>
    <subfield code="y">ISSUE</subfield>
  </datafield>
  <datafield tag="952" ind1=" " ind2=" ">
    <subfield code="0">0</subfield>
    <subfield code="1">0</subfield>
    <subfield code="2">ddc</subfield>
    <subfield code="4">0</subfield>
    <subfield code="5">5</subfield>
    <subfield code="7">0</subfield>
    <subfield code="8">SE</subfield>
    <subfield code="a">BNPHU</subfield>
    <subfield code="b">BNPHU</subfield>
    <subfield code="d">2026-02-20</subfield>
    <subfield code="h">No. 443, diciembre 1970 - enero 1971</subfield>
    <subfield code="l">0</subfield>
    <subfield code="p">2026-1479</subfield>
    <subfield code="r">2026-02-20</subfield>
    <subfield code="t">e.1</subfield>
    <subfield code="w">2026-02-20</subfield>
    <subfield code="y">ISSUE</subfield>
  </datafield>
  <datafield tag="999" ind1=" " ind2=" ">
    <subfield code="c">60379</subfield>
    <subfield code="d">60379</subfield>
  </datafield>
</record>
